Atractiveness of reallocation capital through cross-border mergers and acquisitions from the point of view of M&A maturity index in V4 countries
Zhodnotenie atraktívnosti realokácie kapitálu prostredníctvom cezhraničných fúzií a akvizícií v krajinách V4 na základe indexu atraktivity. Pomocou sekundárnych údajov sa vykonala popisová analýza, ktorá určila poradie krajín V4. Najväčší objem fúziií a akvizicíí na jednoho obyvateľa vo V4 má Poľsko...
Saved in:
| Main Author: | |
|---|---|
| Other Authors: | , , |
| Format: | Book Chapter |
| Language: | English |
| Subjects: | |
| Tags: |
No Tags, Be the first to tag this record!
|
MARC
| LEADER | 00000naa a2200000 4500 | ||
|---|---|---|---|
| 001 | 0234932 | ||
| 005 | 20220718122822.9 | ||
| 041 | 0 | |a eng | |
| 044 | |a SK | ||
| 245 | 1 | 0 | |a Atractiveness of reallocation capital through cross-border mergers and acquisitions from the point of view of M&A maturity index in V4 countries |c Stela Marková, Jaroslava Hečková, Alexandra Chapčáková, Dagmara Ratnayake Kaščáková |
| 520 | |a Zhodnotenie atraktívnosti realokácie kapitálu prostredníctvom cezhraničných fúzií a akvizícií v krajinách V4 na základe indexu atraktivity. Pomocou sekundárnych údajov sa vykonala popisová analýza, ktorá určila poradie krajín V4. Najväčší objem fúziií a akvizicíí na jednoho obyvateľa vo V4 má Poľsko; Slovensko skončilo na poslednom mieste. V súčasnom odbobí na cezhraničné fúzie a akvizície v stredoeurópskom priestore vplýva neistota vývoja v eurozóne. | ||
| 610 | 2 | 0 | |a Vyšehradská štvorka |
| 610 | 2 | 0 | |a analýza komparatívna |
| 610 | 2 | 0 | |a investície priame zahraničné |
| 610 | 2 | 0 | |a fúzie |
| 610 | 2 | 0 | |a akvizícia |
| 610 | 2 | 0 | |a partnerstvo strategické |
| 100 | 1 | |a Marková, Stela | |
| 700 | 1 | |a Hečková, Jaroslava | |
| 700 | 1 | |a Chapčáková, Alexandra | |
| 700 | 1 | |a Ratnayake Kaščáková, Dagmara | |